| 000 | 01088cam a2200373 a 4500 | ||
|---|---|---|---|
| 001 | 40382 | ||
| 005 | 20230411085955.0 | ||
| 008 | 990910s1999 quca b 000 0 fre | ||
| 035 | _a(OCoLC)ocm43279345 | ||
| 040 |
_aNLC _cNLC _dNYP _dMUQ _dKLG |
||
| 016 | _a990160866 | ||
| 020 | _a2980614203 | ||
| 020 | _a9782980614200 | ||
| 029 | 0 |
_aNLC _b990160866 |
|
| 035 | _a(OCoLC)43279345 | ||
| 043 | _anwht--- | ||
| 055 | 0 | 0 |
_a110 BL 2490 _bA923v 1999 |
| 082 | 0 | 0 | _a299/.675 |
| 049 | _aGRAL | ||
| 100 | 1 |
_aAugustin, Joseph, _d1921- |
|
| 245 | 1 | 3 |
_aLe vodou libérateur : _bet si le vodou était une valeur!-- / _cJoseph Augustin. |
| 260 |
_aMontréal : _bTanboula, _c[1999?] |
||
| 300 |
_a340 p. : _bill. ; _c22 cm. |
||
| 504 | _aIncludes bibliographical references (p. 333-337). | ||
| 651 | 0 |
_aHaiti _xReligion. |
|
| 650 | 0 | _aVoodooism. | |
| 650 | 0 | _aGod. | |
| 650 | 0 | _aLiberation theology. | |
| 650 | 0 |
_aVoodooism _xRelations _zHaiti _xCatholic Church. |
|
| 610 | 2 | 0 |
_aCatholic Church _xRelations _xVoodooism. |
| 650 | 6 | _aVaudou | |
| 942 |
_2lcc _cbk |
||
| 994 |
_aC0 _bDRFGD |
||
| 999 |
_c110297 _d110297 |
||